000 00668cam a2200181 i 4500
005 20251123092523.0
008 250721b9999 ua gr 000 0 ara d
082 1 4 _a211.2
_bن ص ر
100 1 _aنصر، عطية قابل
_eمؤلف.
245 1 0 _aغاية المريد في علم التجويد /
_cتأليف خادم القرآن الكرم عطية قابل نصر.
250 _aالطبعة الخامسة.
264 3 1 _aالقاهرة :
_bعطية قابل نصر،
_c[بين 1900و 1999].
300 _a303صفحة.
650 1 7 _aالعلوم القرآنية.
650 1 7 _aأحكام التجويد.
942 _2ddc
_cBK
999 _c28620
_d28620